Partnerstvo pro kvalitu

Služby grafického ateliéru Leonardo pre reklamné účely. Hlavní zadávatelia reklamy. Práca v grafickom ateliéri v oblasti reklamy. Plány do budúcnosti.

Guardado en:
Detalles Bibliográficos
Formato: Capítulo de libro
Lenguaje:checo
Materias:
Etiquetas: Agregar Etiqueta
Sin Etiquetas, Sea el primero en etiquetar este registro!

MARC

LEADER 00000naa a2200000 4500
001 r025880
005 20230911123021.4
041 0 |a cze 
044 |a CZ 
245 1 0 |a Partnerstvo pro kvalitu 
520 |a Služby grafického ateliéru Leonardo pre reklamné účely. Hlavní zadávatelia reklamy. Práca v grafickom ateliéri v oblasti reklamy. Plány do budúcnosti. 
610 2 0 |a reklama 
610 2 0 |a Leonardo 
610 2 0 |a služby 
610 2 0 |a tvorba reklamy